Les cartes Pokémon Full Art et EX du Bloc Noir et Blanc - Statistiques

Statistiques générales
  • Ce quiz a été pris 17 fois
  • Le résultat moyen est 62 sur 92
Statistiques - réponses
Hint Réponse % Correct
Noir & Blanc Reshiram
100%
Reshiram
100%
Reshiram
100%
Promos BW Reshiram
100%
Zekrom
100%
Zekrom
100%
Zekrom
100%
Zekrom
100%
Victini
92%
Victini
92%
Legendary Treasures Victini
92%
Cobaltium
83%
Cobaltium
83%
Kyurem
83%
Kyurem
83%
Kyurem
83%
Kyurem
83%
Lugia
83%
Lugia
83%
Lugia
83%
Meloetta
83%
Mew
83%
Mew
83%
Terrakium
83%
Terrakium
83%
Nobles Victoires Viridium
83%
Explosion Plasma Viridium
83%
Boréas
75%
Boréas
75%
Boréas
75%
Boréas
75%
Démétéros
75%
Démétéros
75%
Dialga
75%
Pouvoirs Émergents Fulguris
75%
Fulguris
75%
Fulguris
75%
Genesect
75%
Giratina
75%
Giratina
75%
Groudon
75%
Kyogre
75%
Mewtwo
75%
Mewtwo
75%
Mewtwo
75%
Palkia
75%
Rayquaza
75%
Rayquaza
75%
Regigigas
75%
Artikodin
67%
Frontières Franchies Celebi
67%
Darkrai
67%
Darkrai
67%
Darkrai
67%
Darkrai
67%
Deoxys
67%
Deoxys
67%
Électhor
67%
Explorateurs Obscurs Entei
67%
Dragons Exaltés Ho-Oh
67%
Raikou
67%
Tempête Plasma Sulfura
67%
Cresselia
58%
Glaciation Plasma Heatran
58%
Kyurem Blanc
58%
Kyurem Blanc
58%
Kyurem Blanc
58%
Kyurem Blanc
58%
Kyurem Noir
58%
Kyurem Noir
58%
Kyurem Noir
58%
Kyurem Noir
58%
Registeel
58%
Destinées Futures Shaymin
58%
Shaymin
58%
Jirachi
50%
Keldeo
50%
Keldeo
50%
Keldeo
50%
Latias
50%
Latios
50%
N
50%
Emolga
42%
Lugulabre
33%
Minotaupe
33%
Ghetis
25%
Nikolaï
17%
Bianca
8%
Iris
8%
Professeur Keteleeria
8%
Tcheren
8%
Carolina
0%
Aucun quiz correspondant
Distribution des résultats
% des personnes avec chaque résultat
Percentile par nombre de réponses
Votre historique - résultats
Vous n’avez pas pris ce quiz